000 01237cam a2200205 4500
001 WB3918-13
008 030512n2003 000 0 eng u
035 _a(Sirsi) u122242
245 _aTenant's notice of cover consultation
260 _c2003
490 _aRICS Residential Faculty News
_v9 May 2003 (1)
520 _aUnder the Commonhold and Leasehold Reform Act 2002 long leaseholders of houses have the right to arrange their own buildings insurance, subject to certain conditions. A new consultation seeks views on the additional information to be included in the notice of cover and on the form of the notice as prescribed in the draft Leasehold Houses (Notice of Cover of Insurance) (England) Regulations 2003. "Consultation on the prescribed form of tenant's notice of cover" available at www.housing.odpm.gov.uk/information/consult/leaseholdhouses/index.htm www.rics.org/ricscms/bin/show?class=News&template=/includes/shownews.html&id=5703
590 _aWB
650 _aLEASEHOLDERS
650 _aLEASEHOLD HOUSES (NOTICE OF COVER OF INSURANCE) (ENGLAND) REGULATIONS 2003
650 _aBUILDINGS INSURANCE
650 _aCOMMONHOLD AND LEASEHOLD REFORM ACT 2002
690 _aLandlord and tenant
_96252
942 _n0
999 _c72651
_d72651